|
|
|
|
| LEADER |
00000nab a2200000 ar4500 |
| 001 |
vtls010189206 |
| 003 |
SK-MaSNL |
| 005 |
20260426055534.0 |
| 008 |
101116c20101030xo |||||||||||000 b|slo |
| 015 |
|
|
|a SNBRB2010/11
|2 snkbucl
|
| 038 |
|
|
|a SNKBUCL
|
| 040 |
|
|
|a SNKBUCL
|b slo
|c SNKBUCL
|e AACR2
|
| 041 |
0 |
|
|a slo
|
| 044 |
|
|
|a xo
|c SK
|
| 080 |
|
|
|a 796.966.093.1
|2 2001
|
| 100 |
1 |
|
|a Rovnianek, Peter
|4 aut
|9 418145
|
| 245 |
1 |
0 |
|a Hokejová Slovnaft extraliga - 20. kolo: Pod Zoborom päť v prvej časti
|c Peter Rovnianek
|
| 300 |
|
|
|b Tab.
|
| 648 |
|
7 |
|a sezóna 2010/2011
|2 snkbucl
|9 1038786
|
| 650 |
0 |
7 |
|a ľadový hokej
|2 snkbucl
|9 3231
|
| 650 |
0 |
7 |
|a extraliga
|2 snkbucl
|9 18992
|
| 650 |
0 |
7 |
|a 20. kolo
|2 snkbucl
|9 872720
|
| 651 |
|
7 |
|a Martin (Slovensko)
|2 snkbucl
|9 16875
|
| 651 |
|
7 |
|a Trenčín (Slovensko)
|2 snkbucl
|9 159956
|
| 773 |
0 |
|
|t Šport
|g Roč. 64, č. 251 (30.10.2010), s. 16
|x 0139-7001
|
| 852 |
|
|
|a SNK
|b KIS3GCP
|
| 856 |
4 |
1 |
|u http://denniksport.sk/article/152316/martin-trencin-3-1-0-1-3-0-0-0
|
| 999 |
|
|
|c 2186239
|d 2188169
|